| 000 | 00973nam a22003137a 4500 | ||
|---|---|---|---|
| 001 | BR7905897 | ||
| 003 | BR-BrBNA | ||
| 005 | 20230928090114.0 | ||
| 007 | ta | ||
| 008 | 230509b bl.||||| |||| 00| 0 por d | ||
| 040 |
_aBR-BrBNA _bpor _cBiblioteca Nacional de Agricultura |
||
| 041 | _a(Por) | ||
| 072 |
_aE30; L10 _b5240 _b/G514 |
||
| 090 | _ 5240 BR7905897 | ||
| 110 | 1 |
_aAssociacao Brasileira de Criadores de Ovinos, Bage, RS. Assistencia aos Rebanhos de Criadores de Ovinos _9260 |
|
| 245 | 1 | _aOvinocultura no Rio Grande do Sul. Projeto de Desenvolvimento [Melhoramento genetico animal; Brasil] | |
| 260 | 3 |
_aBage, RS (Brasil): _c1979. |
|
| 300 | _a20 p. | ||
| 500 | _a9 tables | ||
| 650 | _aProjeto de desenvolvimento | ||
| 650 | _aMelhoramento genetico animal | ||
| 650 | _aOvino | ||
| 650 | _aReproducao animal | ||
| 650 | _aInseminacao | ||
| 650 | _aCusto | ||
| 650 | _aRio Grande do Sul | ||
| 909 |
_a202309 _bLucia _c55 _dLucia Elande |
||
| 942 | _cBK | ||
| 999 |
_c27837 _d27837 |
||